00711nam a2200157 i 4500001000700000003000900007005001700016008004100033100003700074245020300111260007700314300002100391650002900412710004700441852006500488163720ES-MaACL20250901105434.0050720s1880 sp |||| | spa d1 aRodríguez, Gabriel,d1829-190113aEl comercio internacional antes y después de la liga inglesa b: conferencia explicada en el Círculo de la Unión Mercantil de Madrid el día 27 de febrero de 1880 / cpor Gabriel Rodríguez. aMadrid : b[s.n.], c1880 (fEstab. tip. de M.P. Montoya y Compañía) a24 p. ; c24 cm.07aComercio exterior2embne2 aCírculo de la Unión Mercantil (Madrid) aES-MaACLjFol-Laf-276 z- Rust. z. - Legado M. de la Fuente